• 首页
  • 本馆介绍
  • 公告通知
  • 最新文献
  • 馆藏检索
  • 电子资源
  • 读者导购
  • 参考咨询
  • 我的图书馆
  • 登录
  • 详细信息显示
  • 放入我的书架
  • 预约/预借图书
  • 作者相关作品
  • 分类相关作品
  • 丛书相关作品
  • 出版社相关作品

书目信息

  • 表格格式
  • 工作单格式
  • 卡片格式
题名:
英语九百句
    
 
作者: ;常叙平 译注 ;美国英语服务社 组织编写
分册:  
出版信息: 北京   商务印书馆  1978
页数: 193页
开本: 19cm
丛书名:
单 册:
中图分类: H314.3
科图分类:
主题词: 英语
电子资源:
ISBN:
000 00730nam0 2200229 45
001 0178004645
005 20070723170423.50
010    @dCNY0.46
091    @a9017.842
100    @a19950718d1978 em y0chiy0121 ea
101 2  @achi@aeng
102    @aCN@b110000
105    @ay z 000yy
200 10 @a英语九百句@Aying yu jiu bai ju@e汉译注释@f美国英语服务社组织编写@g常叙平译注
210    @a北京@c商务印书馆@d1978
215    @a193页@d19cm
606 0  @a英语
690    @aH314.3
702  0 @a常叙平@Achang xu ping@4译注
711 02 @a美国英语服务社@Amei guo ying yu fu wu she@4组织编写
801  0 @aCN@bNLC@c20070723
905    @f1@b4758@dH314.3@e11@b4784-785@f2@f7@b4776-782@f3@b4761-763@f0@f5@b4765-769@f2@b4773-774@f2@b4770-771
    
    英语九百句:汉译注释/美国英语服务社组织编写/常叙平译注.-北京:商务印书馆,1978
    193页;19cm
    
    
    ISBN :CNY0.46
    
●
相关链接 在E读中查询图书 在五车中查询图书 在当当中查询图书 在豆瓣中查询图书


正题名:英语九百句     索取号:H314.3/11         预约/预借

序号 登录号 条形码 馆藏地/架位号 状态 备注
1 0004758   001377138   第四借阅区/ [索取号:H314.3/11] 在馆    
2 0004761   001378459   第四借阅区/ [索取号:H314.3/11] 在馆    
3 0004762   001378431   第四借阅区/ [索取号:H314.3/11] 在馆    
4 0004763   001378413   第四借阅区/ [索取号:H314.3/11] 在馆    
5 0004765   001378556   第四借阅区/ [索取号:H314.3/11] 在馆    
6 0004766   001377218   第四借阅区/ [索取号:H314.3/11] 在馆    
7 0004767   001377174   第四借阅区/ [索取号:H314.3/11] 在馆    
8 0004768   001378501   第四借阅区/ [索取号:H314.3/11] 在馆    
9 0004769   001377290   第四借阅区/ [索取号:H314.3/11] 在馆    
10 0004770   001378510   第四借阅区/ [索取号:H314.3/11] 在馆    
11 0004771   001378468   第四借阅区/ [索取号:H314.3/11] 在馆    
12 0004773   001378422   第四借阅区/ [索取号:H314.3/11] 在馆    
13 0004774   001378565   第四借阅区/ [索取号:H314.3/11] 在馆    
14 0004776   001378440   第四借阅区/ [索取号:H314.3/11] 在馆    
15 0004777   001377254   第四借阅区/ [索取号:H314.3/11] 在馆    
16 0004778   001378404   第四借阅区/ [索取号:H314.3/11] 在馆    
17 0004779   001378477   第四借阅区/ [索取号:H314.3/11] 在馆    
18 0004780   001378538   第四借阅区/ [索取号:H314.3/11] 在馆    
19 0004781   001378486   第四借阅区/ [索取号:H314.3/11] 在馆    
20 0004782   001378360   第四借阅区/ [索取号:H314.3/11] 在馆    
21 0004784   001378529   第二样本阅览室/ [索取号:H314.3/11] 在馆    
22 0004785   001378495   第四借阅区/ [索取号:H314.3/11] 在馆    
23 0435026   204350264   密集书库/ [索取号:H314.3/11] 在馆    
24 0435027   204350273   密集书库/ [索取号:H314.3/11] 在馆    
25 0455507   204555070   密集书库/ [索取号:H314.3/11] 在馆    
26 0455610   204556104   密集书库/ [索取号:H314.3/11] 在馆    
27 0455611   204556113   密集书库/ [索取号:H314.3/11] 在馆    
28 0465781   204657816   密集书库/ [索取号:H314.3/11] 在馆    
29 0465782   204657825   密集书库/ [索取号:H314.3/11] 在馆    
30 0782859   207828591   密集书库/ [索取号:H314.3/11] 在馆    
唐山师范学院图书馆 欢迎您!
大连网信软件有限公司© 版权所有